000 00851cam a2200265 a 4500
999 _c4934
_d4934
001 3889192
003 GBCCL
005 20241126110530.0
008 900403s1990 txu b 000 0 eng
010 _a 90035770
020 _a0849907810
040 _aDLC
_cDLC
_dDLC
050 0 0 _aBV4526.2
_b.G37 1990
082 0 0 _a249
_220
_bGAR
100 1 _aGarborg, Rolf,
_d1943-
_98958
245 1 4 _aThe family blessing /
_cRolf Garborg.
260 _aDallas :
_bWord Pub.,
_cc1990.
300 _axii, 154 p. ;
_c23 cm.
504 _aIncludes bibliographical references (p. 153-154).
650 0 _aFamilies
_xReligious life.
_91360
650 0 _aBenediction.
_98959
906 _a7
_bcbc
_corignew
_d1
_eocip
_f19
_gy-gencatlg
942 _2ddc
_cBK
_06